000 00506nam a2200229Ia 4500
003 IT-RoPAU
008 120407s9999 xx 000 0 und d
040 _aIT-RoPAU
040 _cIT-RoPAU
041 _aita
100 _aMarcel Eck
245 _aL’omosessualità. Psicanalisi dell’omosessualità.
250 _aTorino
260 _aBorla
260 _c1967
300 _a350 p.
300 _c20,5 cm
490 _aConoscenza dell’uomo
490 _v110
942 _cBK
999 _c33202
_d33202